Größte Gemeinden Österreichs mit "D" - Statistiken

Allgemein
  • Dieses Quiz wurde 72 mal gespielt
  • Das Durchschnittsergebnis liegt bei 4 aus 10
Antwortstatistiken
Einwohner Bezirk Gemeinde % Korrekt
49.563 Dornbirn Dornbirn
100%
11.663 Deutschlandsberg Deutschlandsberg
72%
8.792 Gänserndorf Deutsch-Wagram
55%
3.066 Oberpullendorf Deutschkreutz
34%
4.399 Graz-Umgebung Deutschfeistritz
28%
3.240 Steyr-Land Dietach
28%
2.333 Lienz Dölsach
28%
2.228 Gänserndorf Dürnkrut
21%
3.525 Graz-Umgebung Dobl-Zwaring
19%
2.410 Melk Dunkelsteinerwald
11%
Keine übereinstimmenden Quizze gefunden
Verteilung der Resultate
Anzahl Personen mit jedem Resultat
Perzentil nach korrekt beantworteten Fragen
Ihre Resultats-Entwicklung
Sie haben dieses Quiz noch nicht gespielt